| 000 | 00807nam a2200217Ia 4500 | ||
|---|---|---|---|
| 999 |
_c36012 _d36012 |
||
| 001 | 1911 | ||
| 003 | GE_BSU | ||
| 005 | 20221010120701.0 | ||
| 008 | 181216s2007ru xx |||||||||||||| ||rus|| | ||
| 040 | _cGE_BSU | ||
| 041 | _aД-18 | ||
| 080 | _a343.13(035) Д-18 | ||
| 100 |
_aДанилов,Е.П. _915181 |
||
| 245 |
_aСправочник адвоката по гражданским делам / _cЕ.П. Данилов. |
||
| 264 |
_aМосква : _bЮрайт, _c2007. |
||
| 300 |
_a68 с. _b21 см. |
||
| 653 | _aСправочник адаоката по гражданским Делам | ||
| 653 | _aსამოქალაქო საქმეთა ადვოკატის სახელმძღვანელო | ||
| 653 | _aსამართალი | ||
| 942 |
_cBK _2udc |
||